| 000 | 01227cam a2200289 a 4500 | ||
|---|---|---|---|
| 005 | 20160719153338.0 | ||
| 008 | 071018s2007 enka b 001 0 eng d | ||
| 010 | _a 2007281275 | ||
| 020 |
_a9780521605809 (pbk.) _c2250 |
||
| 040 |
_aUKM _cUKM |
||
| 041 | _aEnglish | ||
| 082 | 0 | 4 |
_a822.33 _bSHA-SHA |
| 245 | 0 | 4 |
_aThe Cambridge companion to Shakespeare and popular culture / _cedited by Robert Shaughnessy. |
| 260 |
_aCambridge ; _aNew York : _bCambridge University Press, _c2007. |
||
| 300 |
_aix, 291 p. _bill. ; |
||
| 504 | _aIncludes bibliographical references and index. | ||
| 600 | 1 | 0 |
_aShakespeare, William, _d1564-1616 _vAdaptations _xHistory and criticism. |
| 600 | 1 | 0 |
_aShakespeare, William, _d1564-1616 _xInfluence. |
| 700 | 1 |
_aShaughnessy, Robert, _d1962- _4ed. |
|
| 850 |
_aLCLIB _bPG |
||
| 856 | 4 | 2 | _uhttp://www.loc.gov/catdir/enhancements/fy0803/2007281275-b.html |
| 856 | 4 | 2 | _uhttp://www.loc.gov/catdir/enhancements/fy0803/2007281275-d.html |
| 856 | 4 | 1 | _uhttp://www.loc.gov/catdir/enhancements/fy0803/2007281275-t.html |
| 942 | _cBK | ||
| 906 |
_a7 _bcbc _ccopycat _d2 _encip _f20 _gy-gencatlg |
||
| 999 |
_c39135 _d89614 |
||